000 00299pam a2200133 a 4500
020 _c
041 _h
082 _a917.79999999999995
_bSCO
100 _aScott,M.C.
245 _aHartland
_hTextual Documents
260 _aNew York
_bJohn Wiley And Sons
_c2001
300 _aXIV/209
930 _a9778
999 _c116603
_d116603